Continent by Letter-Africa - Statistics

General Stats
  • This quiz has been taken 17 times
  • The average score is 19 of 26
Answer Stats
Letter Hint Answer % Correct
I Common name of Côte d'Ivoire Ivory Coast
100%
K Highest mountain Kilimanjaro
100%
N Longest river Nile
100%
S Largest desert Sahara
100%
V Largest lake Victoria
100%
A Largest country Algeria
94%
E Country formerly known as Abyssinia Ethiopia
94%
R Country that suffered a genocide in 1994 Rwanda
94%
H Region with Somalia and Djibouti: ____ of Africa Horn
88%
U Country on V Uganda
88%
Z Former name of the D.R Congo Zaire
88%
F Capital of Sierra Leone Freetown
75%
L Portuguese for "lakes" or a major city Lagos
75%
P Language of Angola and Mozambique Portuguese
75%
B Country formerly named Dahomey Benin
69%
D Biggest city in Tanzania Dar Es Salaam
69%
Y Capital of Cameroon Yaoundé
69%
C Lake that is now almost completely dried up Chad
63%
J Capital of South Sudan Juba
63%
T Group(s) targeted in R Tutsi/Twa
63%
W Capital of Namibia Windhoek
63%
M Northwestern region Maghreb
56%
O Capital of Burkina Faso Ouagadougou
56%
G Former name of Ghana in colonial times Gold Coast
38%
X Second most common first language in South Africa Xhosa
31%
Q Four letter Egyptian city Qena
6%
No matching quizzes found
Score Distribution
Percent of People with Each Score
Percentile by Number Answered
Your Score History
You have not taken this quiz